000 00554nam a2200205Ia 4500
005 20240322152736.0
008 131103s9999 xx 000 0 und d
020 _cRs.7.50
040 _aLoreto College
041 _aEnglish
082 _a155.4
_bMUS
100 _aMussen, Paul H.
245 4 _aThe Psychological Development of the Child
_cPaul H. Mussen
260 _aNew Delhi
_bPrentice - hall
_c1969
300 _axv,109p.
_b ill.,chart
504 _aIncludes bibliography & index
650 _aPsychology
850 _aLCBED
942 _cBK
999 _c26945
_d77424